000
00233nam a22000857a 4500
001
1236325
005
20251001160923.0
245
_a
EJDERHACA NASIL KONUŞURSUN
_c
KORKUNÇ GICIK III. HIÇKIDIK
260
_b
GÜNIŞIĞI KİTAPLIĞI YAYINLARI
999
_c
1236325
_d
1236325